| 000 | 00987nam a2200253Ia 4500 | ||
|---|---|---|---|
| 003 | GCL | ||
| 008 | 140319s9999 xx 000 0 ara d | ||
| 040 |
_aGCL / _cGCL |
||
| 082 | 0 | 4 |
_a658.562 _bت ق |
| 100 | 1 | _aتوفيق محمد عبدالمحسن | |
| 245 | 1 | 0 |
_aقياس الجودة والقياس المقارن : BENCHMARKING : _bاساليب حديثة فى المعيارة والقياس / _cتوفيق محمد عبدالمحسن |
| 250 | _aد.ط | ||
| 260 |
_aالقاهرة : _bدار الفكر العربى ، _c2004 |
||
| 300 |
_a286 ص ؛ _c24 سم |
||
| 650 | 0 | 4 | _aضبط الجودة |
| 650 | 0 | 4 | _aالتوحيد القياسى |
| 650 | 0 | 4 | _aادارة الجودة الشاملة |
| 650 | 0 | 4 | _aالمعايير |
| 650 | 0 | 4 | _aالموازين والمقاييس |
| 650 | 0 | 4 | _aضبط الجودة - الطرق الاحصائية |
| 650 | 0 | 4 | _aضبط الجودة - النماذج الرياضية |
| 650 | 0 | 4 | _aالجودة - قياس |
| 942 |
_2ddc _cBK |
||
| 999 |
_c39461 _d39461 |
||